The complete idiot's guide to accounting / (Record no. 15049)

000 -LEADER
fixed length control field 00932cam a2200253Ia 4500
020 ## - INTERNATIONAL STANDARD BOOK NUMBER
ISBN 9781615640652
020 ## - INTERNATIONAL STANDARD BOOK NUMBER
ISBN 1615640657
040 ## - CATALOGING SOURCE
Transcribing agency IEP
082 04 - DEWEY DECIMAL CLASSIFICATION NUMBER
Classification number 657 ALP 2011 A054 Or.
100 1# - MAIN ENTRY--AUTHOR NAME
Personal name Epstein, Lita.
245 14 - TITLE STATEMENT
Title The complete idiot's guide to accounting /
246 30 - VARYING FORM OF TITLE
Title proper/short title Idiot's guide to accounting
246 30 - VARYING FORM OF TITLE
Title proper/short title Guide to accounting
246 30 - VARYING FORM OF TITLE
Title proper/short title Accounting
250 ## - EDITION STATEMENT
Edition statement 3rd ed.
260 ## - PUBLICATION, DISTRIBUTION, ETC. (IMPRINT)
Place of publication Indianapolis, IN :
Name of publisher Alpha,
Year of publication c2011.
300 ## - PHYSICAL DESCRIPTION
Number of Pages xi, 337 p. :
Other physical details ill. ;
Dimensions 24 cm.
490 1# - SERIES STATEMENT
Series statement Complete idiot's guide
500 ## - GENERAL NOTE
General note Includes index.
520 ## - SUMMARY, ETC.
Summary, etc Accurate accounting is key to a successful business. This guide has been updated to include the latest information on changes in the tax codes and health-care benefits. You'll have everything you need to know to manage your dollars and cents and keep your accounts in order.
650 #0 - SUBJECT ADDED ENTRY--TOPICAL TERM
Topical Term Accounting.
700 1# - ADDED ENTRY--PERSONAL NAME
Personal name Moore, Shellie L.
942 ## - ADDED ENTRY ELEMENTS (KOHA)
Koha item type សៀវភៅភាសាអង់គ្លេស
952 ## - LOCATION AND ITEM INFORMATION (KOHA)
Withdrawn status [LOCAL, KOHA] 0
Holdings
Permanent Location Date acquired Koha item type Lost status Shelving location Barcode Current Location Full call number
Library Block A2017-11-02សៀវភៅភាសាអង់គ្លេស A054A07700Library Block A657 ALP 2011 A054 Or.
មជ្ឈមណ្ឌលឯការនៃសាកលវិទ្យាល័យភូមិន្ទកសិកម្មចំការដូង

Powered by Koha